Statistics for Write Official Name of UK 3 times!

Click here to take the quiz!

General Stats

  • This quiz has been taken 15 times
  • The average score is 81 of 135

Answer Stats

Letter% Correct
D
100%
D
100%
E
100%
G
100%
I
100%
I
100%
K
100%
M
100%
N
100%
N
100%
O
100%
T
100%
U
100%
A
63%
A
63%
A
63%
A
63%
A
63%
A
63%
A
63%
B
63%
B
63%
D
63%
D
63%
D
63%
D
63%
D
63%
E
63%
E
63%
E
63%
E
63%
E
63%
F
63%
F
63%
G
63%
G
63%
G
63%
H
63%
I
63%
I
63%
I
63%
I
63%
I
63%
I
63%
I
63%
K
63%
L
63%
M
63%
N
63%
N
63%
N
63%
N
63%
N
63%
N
63%
N
63%
N
63%
N
63%
O
63%
O
63%
O
63%
O
63%
R
63%
R
63%
R
63%
R
63%
R
63%
R
63%
R
63%
T
63%
T
63%
T
63%
T
63%
T
63%
T
63%
U
63%
A
50%
A
50%
A
50%
A
50%
B
50%
D
50%
D
50%
D
50%
D
50%
E
50%
E
50%
E
50%
E
50%
E
50%
F
50%
G
50%
G
50%
H
50%
H
50%
I
50%
I
50%
I
50%
I
50%
I
50%
K
50%
L
50%
M
50%
N
50%
N
50%
N
50%
N
50%
N
50%
N
50%
N
50%
N
50%
N
50%
O
50%
O
50%
O
50%
O
50%
R
50%
R
50%
R
50%
R
50%
R
50%
R
50%
R
50%
T
50%
T
50%
T
50%
T
50%
T
50%
U
50%
A
38%
D
38%
E
38%
I
38%
L
38%
N
38%
R
38%

Score Distribution

Percentile by Number Answered

Percent of People with Each Score

Your Score History

You have not taken this quiz